000 00622nam a2200205 u 4500
005 20220603063655.0
008 080523s2005 r 000 0 eng d
020 _a8426134564
035 _aUPN01000156235
049 _aI
050 4 _aPZ13
_bM3.8
100 1 _aMaar, Paul,
_d1937-
_933366
245 1 0 _aYo soy el más alto /
_cPaul Maar, Peter Gut ; tr. Christiane Reyes.
260 _aBarcelona, Esp. :
_bJuventud,
_c2005.
300 _a[28] p. :
_bil. col.
534 _pTítulo original:
_tWer ist der grobte?
650 4 _aCuentos infantiles
_96744
700 1 _aGut, Peter,
_d1959- ,
_ecoaut.
905 _aInfantil
999 _c128349
_d128349